000 01209nam a2200205Ia 4500
003 Ost
005 20260507074957.0
008 260507s9999||||xx |||||||||||||| ||und||
040 _cfsecg
041 _aara
082 _a368
100 _aالنقيبي، ابو القاسم
_eمؤلف
245 0 _aالتأمين بين القانون والشريعة /
_c ابو القاسم النقيبي
260 _aبيروت:
_bدا رالهادى للطباعة والنشر والتوزيع,
_c2004
300 _a207 صفحة؛
_c24 سم
520 _aاصول قانونية عقد التأمين،التأمين لغويا وتاريخيا،مصدر ظهور التأمين وخلفيته التاريخية وتطوره،ماهية التأمين وخصوصياته ومبادئه،أنواع التأمين ومعاييره،اصول شرعية عقد التأمين الاصول الفقهية لشرعية عقد التأمين كعقد مستقل،نقد ودراسة لاستدلالات معارضي شرعية التأمين،التأمين والعقود المعينة
653 _aالتأمين - البنوك
653 _aالتأمين-قوانين وتشريعات
942 _cكتاب
999 _c42041
_d42041